000 01030nam a2200289 i 4500
001 185606
003 SpMaBN
005 20250803093547.0
008 160726s1991 sp c |||| | spa d
020 _a84-7720-194-3
080 _a398.4(02)"15"
100 0 _aParacelsus.
_988902
245 1 0 _aLibro de las ninfas /
_cParacelso ; [traducción y edición, Pedro Gálvez].
250 _a3ª ed.
260 _aBarcelona :
_bObelisco,
_c1991.
300 _a111, [5] p. :
_b2 retr. ;
_c21 cm.
490 1 _aTradición hermética
504 _aBibliografía: p. 107-108.
546 _aTexto alemán y traducción al español.
650 0 7 _aSeres fabulosos.
_9160207
650 0 7 _aCuriosidades y maravillas
_2embne
_911529
700 1 _aGálvez, Pedro,
_d1940-
_953711
740 3 2 _aEl libro de las ninfas, los silfos, los pigmeos, las salamandras y los demás espíritus.
830 0 _aTradición hermética
_9225255
852 _aES-MaACL
_jL-30480
_z. - Donat. Miguel A. Velasco
999 _c185606
_d185606